Michel Jonasz - Les Vacances au bord de la mer - Statistiques

Statistiques générales
  • Ce quiz a été pris 28 fois
    19 depuis la dernière actualisation
  • Le résultat moyen est 115 sur 147
Statistiques - réponses
Réponse % Correct
à
100%
allait
100%
au
100%
Avec
100%
bord
100%
de
100%
des
100%
la
100%
le
100%
Le
100%
les
100%
Les
100%
ma
100%
mer
100%
mère
100%
mon
100%
On
100%
on
100%
père
100%
que
100%
sœur
100%
Alors
83%
avait
83%
bateaux
83%
devant
83%
Et
83%
faisait
83%
glaces
83%
l'eau
83%
ne
83%
Nous
83%
nous
83%
pas
83%
passer
83%
regardait
83%
se
83%
suçait
83%
attention
67%
chose
67%
d'une
67%
faire
67%
fallait
67%
grand
67%
il
67%
Il
67%
location
67%
matin
67%
payé
67%
prix
67%
Quand
67%
quand
67%
restait
67%
tôt
67%
argent
50%
autres
50%
beau
50%
belles
50%
c'était
50%
cœur
50%
Comme
50%
couleurs
50%
étaient
50%
gens
50%
heures
50%
leur
50%
palaces
50%
pendant
50%
plage
50%
restaurants
50%
réveillait
50%
Sur
50%
vagues
50%
aux
33%
dépensait
33%
gros
33%
îles
33%
journée
33%
Mais
33%
même
33%
passait
33%
plus
33%
prennait
33%
tranquilles
33%
un
33%
déjà
17%
peu
17%
pouvait
17%
Sauf
17%
Aucun quiz correspondant
Distribution des résultats
% des personnes avec chaque résultat
Percentile par nombre de réponses
Votre historique - résultats
Vous n’avez pas pris ce quiz depuis la dernière actualisation